Statistics for Misheard Song Lyrics

Click here to take the quiz!

General Stats

  • This quiz has been taken 1,471 times
    (1,469 since last reset)
  • The average score is 4 of 12

Answer Stats

Misheard LyricsCorrect Lyrics% Correct
Hold me closer, Tony Danza (Elton John)Hold me closer, tiny dancer
80%
It doesn’t make a difference if we’re naked or not (Bon Jovi)It doesn’t make a difference if we make it or not
71%
Now bring us some friggin’ pudding (Traditional)Now bring us some figgy pudding
51%
Excuse me while I kiss this guy (The Jimi Hendrix Experience)Excuse me while I kiss the sky
48%
There’s nothing that a hundred men on Mars could ever do (Toto)There’s nothing that a hundred men or more could ever do
30%
She's got style, she's got grace, she's a wiener (Tom Jones)She's got style, she's got grace, she's a winner
25%
There’s a bathroom on the right (Credence Clearwater Revival)There's a bad moon on the rise
21%
Bald headed woman / Bald headed woman to me (Bee Gees)More than a woman / More than a woman to me
19%
You ain’t never pornographic and you ain’t no friend of mine (Elvis Presley)You ain’t never caught a rabbit and you ain’t no friend of mine
19%
I want a piece of David (The Ramones)I wanna be sedated
13%
Wrapped up like a douche, another rubber in the night (Bruce Springsteen; Manfred Mann’s Earth Band)Revved up like a deuce, another runner in the night
5%
Smell like a cow, I’m lost and I’m found (Duran Duran)Smell like I sound I'm lost in a crowd
1%

Score Distribution

Percentile by Number Answered

Percent of People with Each Score

Your Score History

You have not taken this quiz since the last reset